01609 a2200205 45000010006000000050017000060080041000230030015000640400040000790800109001192450029002280200022002572640034002793000019003135050953003321000028012857000028013137000031013417000031013723998620260407155656.0260407a1982 arg spa dAR-UNSa-BCEJYS aAR-UNSa-BCEJYSbspacAR-UNSa-BCEJYS a339.9xEconomía internacional en general. Relaciones económicas internacionales. Economía mundial 10aEconomía Internacional a978-968-451-421-8 1aMéxico :bMcGraw-Hillc1982 a677 p.c24 cm. aParte I: 1. Introducción - 2. Causas y efectos del comercio - 3. Costo de oportunidad e indiferencia de la comunidad - 4. Equilibrio internacional - 5. El modelo Heckscher-Ohlin - 6. Comprobación empírica - 7. Crecimiento y comercio - Parte II: 8. La teoría de los aranceles - 9. Distorsiones domésticas y objetivos no económicos - 10. Otras barreras comerciales y la política comercial de los Estados Unidos - 11. Uniones aduaneras - Parte III: 3. El proceso de ajuste internacional : 12. La balanza de pagos - 14. El problema de la balanza de pagos: un modelo básico - 15. El mecanismo de ajuste - precio - 16. El mecanismo de ajuste - ingreso - 17. El dinero y la balanza de pagos - Parte IV: Política de ajuste : 18. Política económica internacional - 19. Controles directos - 20. Política fiscal y monetaria para el equilibrio intermo y externo - 21. Tipos de cambio flexibles - 22. El sistema monetario internacional.1 aChacholiades, Miltiades1 aMontes Negret, Fernando1 aEcheverry, Rubén Darío1 aParajón Collada, Vicente